| 000 | 00634nam a22001937a 4500 | ||
|---|---|---|---|
| 999 |
_c166470 _d166470 |
||
| 005 | 20190724161748.0 | ||
| 010 | _aUR-10275 | ||
| 020 |
_c200.00 _a9789388356053 |
||
| 035 | _aU-8830 | ||
| 037 | _bDBAD/PUB | ||
| 082 | _a841 | ||
| 100 | _aمد ھو ش بلگر ا می | ||
| 245 |
_aا سا س _cمد ھو ش بلگر ا می |
||
| 246 |
_bAsaas (Urdu) _aby Madhosh Ballgrami |
||
| 260 |
_a Delhi _bEducational Publishing House _c2018 ء |
||
| 270 |
_a3191،Vakil Street,Kucha Pandit,Lal Kuan, _bDelhi _e110006 _k23216162 _l00911123211540 |
||
| 300 |
_a200 ص _c22 Cm(Hb) |
||
| 942 |
_2ddc _cUR _h841 _mم د ھ |
||